000 01235cam a22003734a 4500
001 muse84094
003 MdBmJHUP
005 20210127151709.0
006 m o d
007 cr||||||||nn|n
008 191029s2020 cau o 00 0 eng d
010 _z 2019953783
020 _a9781951498351
020 _z9781946527882
020 _z9781951498368
035 _a(OCoLC)1154051587
040 _aMdBmJHUP
_cMdBmJHUP
100 1 _aNewman, Louis,
_eauthor.
245 1 4 _aThe Sanctity of the Seventh Year
_bA Study of Mishnah Tractate Shebiit /
_cLouis Newman.
264 1 _bScholars Press,
264 3 _bProject MUSE,
300 _a1 online resource (pages cm)
490 0 _aBrown Judaic studies;
_v44
506 0 _aOpen Access
_fUnrestricted online access
_2star
588 _aDescription based on print version record.
655 7 _aElectronic books.
_2local
710 2 _aProject Muse.
_edistributor
830 0 _aBook collections on Project MUSE.
856 4 0 _zFull text available:
_uhttps://muse.jhu.edu/book/75388/
999 _c26683
_d26683